MARC

LEADER 00000nam0a2200000 4500
001 89892
005 20231031103222.0
020 |a RU  |b 84-45228 
035 |a (RuTPU)RU\TPU\book\96427 
090 |a 89892 
100 |a 20060131d1983 k y0rusy5003 ca 
101 0 |a rus 
102 |a RU 
105 |a a j 001zy 
200 1 |a Экспериментальное изучение процессов теплообмена  |e учебное пособие  |f В. И. Шишкин 
210 |a Горький  |c ГПИ  |d 1983 
215 |a 119 с.  |c ил. 
610 1 |a теплообмен 
610 1 |a теплоэнергетика 
610 1 |a обработка данных 
610 1 |a расчет 
610 1 |a теплопроводность 
610 1 |a конвективный теплообмен 
610 1 |a теплообмен излучением 
610 1 |a теплопередача 
610 1 |a теплообменные аппараты 
610 1 |a лабораторные работы 
675 |a 621.1.016.4(076.5)  |z rus 
700 1 |a Шишкин  |b В. И.  |g Владимир Иванович  |4 070 
801 0 |a RU  |b RuMRKP  |c 19950704  |g psbo 
801 1 |a RU  |b 63413507  |c 20060131  |g PSBO 
801 2 |a RU  |b 63413507  |c 20080315  |g PSBO 
942 |c BK